| 000 | 00362nam a22001337a 4500 | ||
|---|---|---|---|
| 020 | _a9780128117989 | ||
| 040 | _cNUST | ||
| 082 | _a621.317 MAN | ||
| 100 |
_a Manias, Stefanos N _998777 |
||
| 245 | _aPower Electronics and Motor Drive Systems | ||
| 260 |
_aLondon: _bAcademic Press, _c2017. |
||
| 650 |
_aPower electronics.NUSTTB2022 _9102810 |
||
| 942 |
_2ddc _cBK |
||
| 999 |
_c591358 _d591358 |
||